Normal view
MARC view
- Ruiz de la Prada, Ágatha,
Entry Nombre Personal
001 - NUMERO DE CONTROL
- campo de control: 51551
003 - IDENTIFICADOR DE NUMERO DE CONTROL
- campo de control: UPN
005 - FECHA Y HORA DE LA ÜLTIMA TRANSACCIÓN
- campo de control: 20240415114821.0
008 - DATOS DE LONGITUD FIJA
- campo de control de longitud fija: 240415|| aca||aabn | aaa d
040 ## - FUENTE DE CATALOGACIÓN
- Agencia original de catalogación: MX-MxUPN
- Lenguaje de catalogación: spa
- Agencia de transcripción: MX-MXUPN
046 ## - FECHAS CON CODIFICACIÓN ESPECIAL
- Fuente del formato de fecha: $naf
- Fecha de nacimiento: 19600722
100 1# - ENCABEZAMIENTO - NOMBRE PERSONAL
- Nombre personal: Ruiz de la Prada, Ágatha,
- Fechas asociadas con el nombre: 1960-
370 ## - LUGAR ASOCIADO
- Fuente del término: $naf
- Place of birth: Madrid (España)
372 ## - CAMPO DE ACTIVIDAD
- Field of activity: Diseñadora de modas
374 ## - OCUPACIÓN
- Occupation: Diseñadora de modas
- Occupation: Escritora
- Occupation: Ilustradora
670 ## - FUENTE EN LA QUE SE LOCALIZARON DATOS
- Cita de la fuente: LC, 15 abril 2024:
- Información localizada: (Ruiz de la Prada, Ágatha)
- Uniform Resource Identifier: https://lccn.loc.gov/n96118985
902 ## - CATALOGADOR
- Catalogador: MaríaRobles/150424
